[Event "Najdorf Memorial"]
[Site "Warsaw POL"]
[Date "2021.07.11"]
[Round "2.10"]
[White "Piekielny, Pawel"]
[Black "Pacan-milej, Kosma"]
[Result "1/2-1/2"]
[WhiteElo "2150"]
[BlackElo "2421"]
[EventDate "2021.07.10"]
[PlyCount "118"]
[LiveChessVersion "1.4.8"]

1.e4 {[%clk 1:30:58]} 1...c6 {[%clk 1:30:53]} 2.d4 {[%clk 1:31:23]} 2...d5
{[%clk 1:31:18]} 3.Nc3 {[%clk 1:31:41]} 3...dxe4 {[%clk 1:31:42]} 4.Nxe4 {[%clk
1:32:06]} 4...Nd7 {[%clk 1:32:06]} 5.Ng5 {[%clk 1:32:29]} 5...Ngf6 {[%clk
1:32:25]} 6.Bd3 {[%clk 1:32:52]} 6...e6 {[%clk 1:32:36]} 7.N1f3 {[%clk 1:33:12]}
7...Bd6 {[%clk 1:32:47]} 8.Qe2 {[%clk 1:33:37]} 8...h6 {[%clk 1:32:58]} 9.Ne4
{[%clk 1:34:03]} 9...Nxe4 {[%clk 1:33:22]} 10.Qxe4 {[%clk 1:34:29]} 10...Qc7
{[%clk 1:33:31]} 11.Qg4 {[%clk 1:30:37]} 11...Kf8 {[%clk 1:33:54]} 12.Qe4
{[%clk 1:19:29]} 12...b6 {[%clk 1:32:50]} 13.Bd2 {[%clk 1:19:18]} 13...Bb7
{[%clk 1:30:22]} 14.Qe2 {[%clk 1:17:11]} 14...c5 {[%clk 1:27:49]} 15.Be4 {[%clk
1:09:54]} 15...Rc8 {[%clk 1:21:26]} 16.dxc5 {[%clk 1:04:17]} 16...Nxc5 {[%clk
1:17:56]} 17.Bxb7 {[%clk 1:04:43]} 17...Qxb7 {[%clk 1:18:01]} 18.O-O {[%clk
1:01:14]} 18...Ne4 {[%clk 0:55:00]} 19.Rfe1 {[%clk 0:50:34]} 19...Nxd2 {[%clk
0:49:22]} 20.Qxd2 {[%clk 0:50:38]} 20...Rd8 {[%clk 0:47:17]} 21.Qe2 {[%clk
0:50:56]} 21...Ke7 {[%clk 0:46:53]} 22.Rad1 {[%clk 0:49:19]} 22...Rhe8 {[%clk
0:35:38]} 23.Rd3 {[%clk 0:38:43]} 23...Bc7 {[%clk 0:34:30]} 24.Red1 {[%clk
0:33:56]} 24...Rxd3 {[%clk 0:31:43]} 25.Rxd3 {[%clk 0:32:44]} 25...Rd8 {[%clk
0:30:57]} 26.Rxd8 {[%clk 0:30:16]} 26...Kxd8 {[%clk 0:31:03]} 27.Qd3+ {[%clk
0:29:48]} 27...Ke7 {[%clk 0:30:04]} 28.a4 {[%clk 0:27:45]} 28...Qc6 {[%clk
0:27:54]} 29.b3 {[%clk 0:27:58]} 29...g6 {[%clk 0:18:44]} 30.g3 {[%clk 0:21:32]}
30...Bd6 {[%clk 0:07:16]} 31.Nd4 {[%clk 0:19:57]} 31...Qd7 {[%clk 0:06:46]}
32.Nb5 {[%clk 0:15:12]} 32...Bb8 {[%clk 0:05:57]} 33.Qe4 {[%clk 0:15:10]}
33...a6 {[%clk 0:03:54]} 34.Nc3 {[%clk 0:12:49]} 34...h5 {[%clk 0:02:19]}
35.Qe3 {[%clk 0:08:55]} 35...Qc6 {[%clk 0:02:23]} 36.h4 {[%clk 0:07:09]}
36...Bd6 {[%clk 0:02:13]} 37.Qd3 {[%clk 0:06:04]} 37...Be5 {[%clk 0:00:44]}
38.Ne4 {[%clk 0:05:43]} 38...Qd5 {[%clk 0:00:37]} 39.Qxd5 {[%clk 0:04:58]}
39...exd5 {[%clk 0:01:05]} 40.Nd2 {[%clk 0:31:09]} 40...Ke6 {[%clk 0:30:54]}
41.Kg2 {[%clk 0:23:54]} 41...f6 {[%clk 0:28:38]} 42.Kf3 {[%clk 0:11:43]}
42...g5 {[%clk 0:16:39]} 43.Nf1 {[%clk 0:11:04]} 43...Bd4 {[%clk 0:14:52]}
44.Ne3 {[%clk 0:08:35]} 44...Ke5 {[%clk 0:14:59]} 45.Ng2 {[%clk 0:08:32]}
45...Bc5 {[%clk 0:13:55]} 46.Ke2 {[%clk 0:08:11]} 46...Kd4 {[%clk 0:10:54]}
47.Kd2 {[%clk 0:06:43]} 47...Ke4 {[%clk 0:09:06]} 48.Ke2 {[%clk 0:07:08]}
48...a5 {[%clk 0:07:00]} 49.Ne1 {[%clk 0:04:21]} 49...gxh4 {[%clk 0:06:51]}
50.gxh4 {[%clk 0:04:50]} 50...Be7 {[%clk 0:05:15]} 51.Nd3 {[%clk 0:04:44]}
51...Bd6 {[%clk 0:03:22]} 52.c3 {[%clk 0:03:43]} 52...Be5 {[%clk 0:02:59]}
53.f3+ {[%clk 0:03:49]} 53...Kf5 {[%clk 0:03:23]} 54.Nxe5 {[%clk 0:02:00]}
54...fxe5 {[%clk 0:03:50]} 55.Ke3 {[%clk 0:02:06]} 55...Ke6 {[%clk 0:02:06]}
56.Kd3 {[%clk 0:01:51]} 56...Kd6 {[%clk 0:01:09]} 57.Ke3 {[%clk 0:01:21]}
57...Ke6 {[%clk 0:00:59]} 58.Kd3 {[%clk 0:01:46]} 58...Kf5 {[%clk 0:00:45]}
59.Ke3 {[%clk 0:02:15]} 59...Ke6 {[%clk 0:00:43]} 1/2-1/2

[Event "Najdorf Memorial"]
[Site "Warsaw POL"]
[Date "2021.07.11"]
[Round "2.11"]
[White "Kosakowski, Jakub"]
[Black "Kaczmarek, Arkadiusz"]
[Result "1-0"]
[WhiteElo "2417"]
[BlackElo "2147"]
[EventDate "2021.07.10"]
[PlyCount "63"]
[LiveChessVersion "1.4.8"]

1.e4 e6 {[%clk 1:29:28]} 2.d4 {[%clk 1:30:59]} 2...d5 {[%clk 1:29:46]} 3.Nd2
{[%clk 1:31:14]} 3...dxe4 {[%clk 1:29:30]} 4.Nxe4 {[%clk 1:31:37]} 4...Bd7
{[%clk 1:29:15]} 5.Nf3 {[%clk 1:31:30]} 5...Bc6 {[%clk 1:30:00]} 6.Bd3 {[%clk
1:31:41]} 6...Nd7 {[%clk 1:29:55]} 7.O-O {[%clk 1:31:43]} 7...Ngf6 {[%clk
1:30:10]} 8.Ng3 {[%clk 1:31:55]} 8...Be7 {[%clk 1:30:11]} 9.Re1 {[%clk 1:32:14]}
9...Bxf3 {[%clk 1:29:18]} 10.Qxf3 {[%clk 1:32:35]} 10...c6 {[%clk 1:30:00]}
11.c3 {[%clk 1:30:40]} 11...O-O {[%clk 1:30:00]} 12.Bc2 {[%clk 1:30:26]}
12...Re8 {[%clk 1:26:52]} 13.h4 {[%clk 1:17:20]} 13...Qb6 {[%clk 1:24:51]}
14.h5 {[%clk 1:16:06]} 14...h6 {[%clk 1:24:55]} 15.Ne4 {[%clk 0:59:57]} 15...a5
{[%clk 0:48:10]} 16.a4 {[%clk 0:55:12]} 16...Rac8 {[%clk 0:36:01]} 17.Nd2
{[%clk 0:40:07]} 17...c5 {[%clk 0:19:38]} 18.Nc4 {[%clk 0:33:04]} 18...Qa7
{[%clk 0:19:54]} 19.dxc5 {[%clk 0:30:42]} 19...Bxc5 {[%clk 0:13:00]} 20.b3
{[%clk 0:28:33]} 20...Nd5 {[%clk 0:10:53]} 21.Bd2 {[%clk 0:28:35]} 21...N7f6
{[%clk 0:10:10]} 22.Re2 {[%clk 0:27:40]} 22...Red8 {[%clk 0:09:44]} 23.Rae1
{[%clk 0:27:35]} 23...Be7 {[%clk 0:05:01]} 24.Qh3 {[%clk 0:18:10]} 24...Nc7
{[%clk 0:02:13]} 25.Ne5 {[%clk 0:14:11]} 25...Qc5 {[%clk 0:01:51]} 26.Bxh6
{[%clk 0:07:37]} 26...gxh6 {[%clk 0:01:46]} 27.Qg3+ {[%clk 0:08:02]} 27...Kf8
{[%clk 0:01:54]} 28.Qf4 {[%clk 0:08:25]} 28...Bd6 {[%clk 0:00:35]} 29.Qxf6
{[%clk 0:07:55]} 29...Bxe5 {[%clk 0:00:52]} 30.Rxe5 {[%clk 0:08:19]} 30...Qd6
{[%clk 0:00:33]} 31.Bg6 {[%clk 0:08:06]} 31...Qd7 {[%clk 0:00:39]} 32.Rf5
{[%clk 0:08:25]} 1-0

[Event "Najdorf Memorial"]
[Site "Warsaw POL"]
[Date "2021.07.11"]
[Round "2.12"]
[White "Leskiewicz, Ignacy"]
[Black "Romanishin, Oleg M"]
[Result "0-1"]
[WhiteElo "2135"]
[BlackElo "2404"]
[EventDate "2021.07.10"]
[PlyCount "120"]
[LiveChessVersion "1.4.8"]

1.e4 {[%clk 1:30:58]} 1...e5 {[%clk 1:30:54]} 2.Nf3 {[%clk 1:31:20]} 2...Nc6
{[%clk 1:31:18]} 3.Bb5 {[%clk 1:31:44]} 3...a6 {[%clk 1:31:44]} 4.Ba4 {[%clk
1:32:09]} 4...Nf6 {[%clk 1:32:09]} 5.O-O {[%clk 1:32:31]} 5...Be7 {[%clk
1:32:33]} 6.Re1 {[%clk 1:32:57]} 6...b5 {[%clk 1:31:58]} 7.Bb3 {[%clk 1:33:26]}
7...d6 {[%clk 1:32:15]} 8.c3 {[%clk 1:31:13]} 8...O-O {[%clk 1:32:34]} 9.h3
{[%clk 1:30:59]} 9...a5 {[%clk 1:32:22]} 10.d4 {[%clk 1:29:31]} 10...a4 {[%clk
1:29:19]} 11.Bc2 {[%clk 1:28:07]} 11...Bd7 {[%clk 1:29:42]} 12.Nbd2 {[%clk
1:19:17]} 12...Re8 {[%clk 1:28:45]} 13.Nf1 {[%clk 1:18:06]} 13...h6 {[%clk
1:28:58]} 14.Ng3 {[%clk 1:03:44]} 14...Bf8 {[%clk 1:28:52]} 15.Nh2 {[%clk
0:58:13]} 15...Na5 {[%clk 1:26:56]} 16.f4 {[%clk 0:48:16]} 16...Nc4 {[%clk
1:23:38]} 17.Rb1 {[%clk 0:42:18]} 17...c5 {[%clk 1:20:25]} 18.fxe5 {[%clk
0:33:01]} 18...dxe5 {[%clk 1:20:14]} 19.b3 {[%clk 0:33:04]} 19...axb3 {[%clk
1:19:10]} 20.axb3 {[%clk 0:33:33]} 20...Na3 {[%clk 1:18:28]} 21.Bxa3 {[%clk
0:33:59]} 21...Rxa3 {[%clk 1:18:51]} 22.dxe5 {[%clk 0:34:26]} 22...Nh7 {[%clk
1:13:24]} 23.Rf1 {[%clk 0:26:54]} 23...Be6 {[%clk 1:08:49]} 24.Ng4 {[%clk
0:15:08]} 24...c4 {[%clk 1:02:26]} 25.bxc4 {[%clk 0:13:38]} 25...Rxc3 {[%clk
1:01:34]} 26.Ne2 {[%clk 0:12:50]} 26...Qxd1 {[%clk 0:44:19]} 27.Bxd1 {[%clk
0:13:07]} 27...Rxc4 {[%clk 0:44:35]} 28.Nf4 {[%clk 0:09:13]} 28...Bxg4 {[%clk
0:33:09]} 29.hxg4 {[%clk 0:09:42]} 29...Rxe5 30.Bb3 {[%clk 0:09:00]} 30...Rc7
{[%clk 0:31:39]} 31.Bd5 {[%clk 0:03:04]} 31...b4 {[%clk 0:25:18]} 32.Nd3 {[%clk
0:03:16]} 32...Re8 {[%clk 0:22:01]} 33.Rbc1 {[%clk 0:01:16]} 33...Ra7 {[%clk
0:19:13]} 34.Ra1 {[%clk 0:01:45]} 34...Rae7 {[%clk 0:17:14]} 35.Nxb4 {[%clk
0:01:13]} 35...Nf6 {[%clk 0:17:12]} 36.Rxf6 {[%clk 0:00:40]} 36...gxf6 {[%clk
0:17:37]} 37.Nd3 {[%clk 0:00:34]} 37...Rc7 {[%clk 0:17:00]} 38.Ra6 {[%clk
0:00:35]} 38...Rc3 {[%clk 0:16:16]} 39.Nf4 {[%clk 0:00:37]} 39...Bc5+ {[%clk
0:13:45]} 40.Kh2 {[%clk 0:30:35]} 40...Bd4 {[%clk 0:42:00]} 41.Nh5 {[%clk
0:27:36]} 41...Be5+ {[%clk 0:40:27]} 42.g3 {[%clk 0:26:50]} 42...Rb8 {[%clk
0:30:52]} 43.Nxf6+ {[%clk 0:24:28]} 43...Bxf6 {[%clk 0:31:11]} 44.Rxf6 {[%clk
0:24:44]} 44...Rb2+ {[%clk 0:31:34]} 45.Kh3 {[%clk 0:24:44]} 45...Rcc2 {[%clk
0:31:21]} 46.g5 {[%clk 0:24:46]} 46...Rh2+ {[%clk 0:31:11]} 47.Kg4 {[%clk
0:25:15]} 47...h5+ {[%clk 0:31:32]} 48.Kf5 {[%clk 0:23:22]} 48...Rhf2+ {[%clk
0:31:33]} 49.Ke5 {[%clk 0:23:51]} 49...Rxf6 {[%clk 0:31:52]} 50.gxf6 {[%clk
0:24:06]} 50...Rf2 {[%clk 0:32:10]} 51.Bc4 {[%clk 0:06:00]} 51...Rf3 {[%clk
0:32:23]} 52.g4 {[%clk 0:06:28]} 52...h4 {[%clk 0:32:24]} 53.g5 {[%clk 0:06:03]}
53...Kf8 {[%clk 0:32:11]} 54.Kd6 {[%clk 0:01:25]} 54...h3 {[%clk 0:32:00]}
55.e5 {[%clk 0:01:53]} 55...h2 {[%clk 0:29:23]} 56.g6 {[%clk 0:02:21]}
56...h1=Q {[%clk 0:25:01]} 57.Bxf7 {[%clk 0:02:17]} 57...Rd3+ {[%clk 0:25:00]}
58.Kc5 {[%clk 0:02:44]} 58...Qg1+ {[%clk 0:24:14]} 59.Kc6 {[%clk 0:02:53]}
59...Qc1+ {[%clk 0:23:33]} 60.Kb6 {[%clk 0:03:18]} 60...Qb2+ 0-1

[Event "Najdorf Memorial"]
[Site "Warsaw POL"]
[Date "2021.07.11"]
[Round "2.13"]
[White "Licznerski, Lukasz"]
[Black "Musial, Tomasz"]
[Result "1-0"]
[WhiteElo "2400"]
[BlackElo "2121"]
[EventDate "2021.07.10"]
[PlyCount "87"]
[LiveChessVersion "1.4.8"]

1.e4 {[%clk 1:29:22]} 1...e6 {[%clk 1:30:53]} 2.d4 {[%clk 1:29:00]} 2...d5
{[%clk 1:31:17]} 3.Nd2 {[%clk 1:29:27]} 3...c5 {[%clk 1:31:43]} 4.Ngf3 {[%clk
1:29:51]} 4...cxd4 {[%clk 1:31:57]} 5.Nxd4 {[%clk 1:29:05]} 5...Nc6 {[%clk
1:32:01]} 6.Nxc6 {[%clk 1:27:38]} 6...bxc6 {[%clk 1:32:24]} 7.Bd3 {[%clk
1:28:06]} 7...Bc5 {[%clk 1:26:08]} 8.Qe2 {[%clk 1:25:20]} 8...Ne7 {[%clk
1:24:06]} 9.O-O {[%clk 1:12:22]} 9...O-O {[%clk 1:06:38]} 10.Kh1 {[%clk
1:08:18]} 10...a5 {[%clk 0:53:17]} 11.a4 {[%clk 1:03:07]} 11...Qc7 {[%clk
0:47:22]} 12.f4 {[%clk 0:56:54]} 12...f6 {[%clk 0:45:21]} 13.Nf3 {[%clk
0:41:42]} 13...Bd7 {[%clk 0:35:48]} 14.Bd2 {[%clk 0:35:57]} 14...Rae8 {[%clk
0:32:14]} 15.e5 {[%clk 0:35:17]} 15...f5 {[%clk 0:31:42]} 16.c3 {[%clk 0:33:31]}
16...Rb8 {[%clk 0:24:51]} 17.Rfb1 {[%clk 0:33:57]} 17...Ba7 {[%clk 0:23:53]}
18.b4 {[%clk 0:34:07]} 18...c5 {[%clk 0:22:46]} 19.b5 {[%clk 0:33:58]} 19...Bb6
{[%clk 0:21:19]} 20.Be3 {[%clk 0:13:30]} 20...Rbd8 {[%clk 0:16:26]} 21.Qf2
{[%clk 0:10:26]} 21...Bc8 {[%clk 0:14:00]} 22.Rc1 {[%clk 0:09:25]} 22...Qa7
{[%clk 0:10:33]} 23.c4 {[%clk 0:07:59]} 23...d4 {[%clk 0:09:07]} 24.Bd2 {[%clk
0:08:28]} 24...Qc7 {[%clk 0:08:42]} 25.Qe2 {[%clk 0:04:52]} 25...h6 {[%clk
0:07:43]} 26.Kg1 {[%clk 0:05:21]} 26...Bb7 {[%clk 0:07:33]} 27.Kf2 {[%clk
0:05:40]} 27...Qc8 {[%clk 0:07:18]} 28.Rf1 {[%clk 0:05:07]} 28...Qa8 {[%clk
0:06:24]} 29.Ke1 {[%clk 0:05:25]} 29...Be4 {[%clk 0:05:42]} 30.Kd1 {[%clk
0:05:54]} 30...Rd7 {[%clk 0:03:01]} 31.Kc2 {[%clk 0:06:10]} 31...Nc8 {[%clk
0:02:13]} 32.Rae1 {[%clk 0:06:03]} 32...Bxd3+ {[%clk 0:01:28]} 33.Qxd3 {[%clk
0:06:32]} 33...Bc7 {[%clk 0:01:06]} 34.Rg1 {[%clk 0:06:28]} 34...Nb6 {[%clk
0:00:57]} 35.Kb3 {[%clk 0:06:55]} 35...Kh8 {[%clk 0:00:40]} 36.Nh4 {[%clk
0:06:36]} 36...Kg8 {[%clk 0:00:37]} 37.g4 {[%clk 0:06:30]} 37...fxg4 {[%clk
0:00:36]} 38.Rxg4 {[%clk 0:06:43]} 38...Bd8 {[%clk 0:00:43]} 39.Reg1 {[%clk
0:01:13]} 39...Bxh4 {[%clk 0:00:38]} 40.Rxh4 {[%clk 0:31:38]} 40...Rf5 {[%clk
0:30:33]} 41.Rxh6 {[%clk 0:25:50]} 41...Rdf7 {[%clk 0:17:01]} 42.Qh3 {[%clk
0:25:06]} 42...Rf8 {[%clk 0:16:34]} 43.Rh8+ {[%clk 0:24:53]} 43...Kf7 {[%clk
0:16:59]} 44.Rxg7+ {[%clk 0:25:01]} 1-0

[Event "Najdorf Memorial"]
[Site "Warsaw POL"]
[Date "2021.07.11"]
[Round "2.14"]
[White "Jarzebowski, Kacper"]
[Black "Cukrowski, Filip"]
[Result "1/2-1/2"]
[WhiteElo "2110"]
[BlackElo "2389"]
[EventDate "2021.07.10"]
[PlyCount "83"]
[LiveChessVersion "1.4.8"]

1.d4 {[%clk 1:30:58]} 1...Nf6 {[%clk 1:29:08]} 2.c4 {[%clk 1:31:22]} 2...g6
{[%clk 1:29:26]} 3.Nc3 {[%clk 1:31:44]} 3...Bg7 {[%clk 1:29:50]} 4.e4 {[%clk
1:32:01]} 4...O-O {[%clk 1:30:12]} 5.Bd3 {[%clk 1:32:26]} 5...d6 {[%clk
1:30:14]} 6.Nge2 {[%clk 1:32:51]} 6...c5 {[%clk 1:29:48]} 7.d5 {[%clk 1:32:30]}
7...e6 {[%clk 1:25:03]} 8.O-O {[%clk 1:32:54]} 8...exd5 {[%clk 1:25:28]} 9.exd5
{[%clk 1:32:49]} 9...Ng4 {[%clk 1:18:41]} 10.Ng3 {[%clk 1:31:19]} 10...f5
{[%clk 1:08:06]} 11.Be2 {[%clk 1:28:45]} 11...Ne5 {[%clk 1:01:44]} 12.f4 {[%clk
1:25:18]} 12...Nf7 {[%clk 0:50:21]} 13.Qd3 {[%clk 1:21:12]} 13...Nd7 {[%clk
0:49:56]} 14.Bd2 {[%clk 1:21:17]} 14...Nf6 {[%clk 0:49:38]} 15.Rae1 {[%clk
1:20:39]} 15...Bd7 {[%clk 0:48:35]} 16.Bf3 {[%clk 1:18:06]} 16...a6 {[%clk
0:48:04]} 17.a4 {[%clk 1:08:44]} 17...Qb6 {[%clk 0:46:45]} 18.b3 {[%clk
0:58:45]} 18...Rae8 {[%clk 0:45:14]} 19.Nd1 {[%clk 0:58:39]} 19...Rxe1 {[%clk
0:44:53]} 20.Rxe1 {[%clk 0:59:00]} 20...Re8 {[%clk 0:45:14]} 21.a5 {[%clk
0:57:17]} 21...Qc7 {[%clk 0:45:01]} 22.Rxe8+ {[%clk 0:56:54]} 22...Nxe8 {[%clk
0:42:42]} 23.Bc3 {[%clk 0:57:17]} 23...Bxc3 {[%clk 0:31:30]} 24.Qxc3 {[%clk
0:57:44]} 24...b6 {[%clk 0:31:48]} 25.axb6 {[%clk 0:55:22]} 25...Qxb6 {[%clk
0:32:12]} 26.h4 {[%clk 0:55:01]} 26...a5 {[%clk 0:27:06]} 27.Ne3 {[%clk
0:52:01]} 27...Qb4 {[%clk 0:13:46]} 28.Ne2 {[%clk 0:49:49]} 28...Qxc3 {[%clk
0:09:37]} 29.Nxc3 {[%clk 0:48:03]} 29...Nc7 {[%clk 0:10:03]} 30.h5 {[%clk
0:46:14]} 30...Kg7 {[%clk 0:10:06]} 31.hxg6 {[%clk 0:46:13]} 31...hxg6 {[%clk
0:10:32]} 32.Kf2 {[%clk 0:46:09]} 32...g5 {[%clk 0:09:48]} 33.g3 {[%clk
0:46:26]} 33...Kf6 {[%clk 0:10:06]} 34.Be2 {[%clk 0:45:30]} 34...Na8 {[%clk
0:09:38]} 35.Bd3 {[%clk 0:45:17]} 35...Nb6 {[%clk 0:09:46]} 36.Bc2 {[%clk
0:41:43]} 36...Nd8 {[%clk 0:08:05]} 37.fxg5+ {[%clk 0:30:33]} 37...Kxg5 {[%clk
0:08:28]} 38.g4 {[%clk 0:30:57]} 38...fxg4 {[%clk 0:06:00]} 39.Ne4+ {[%clk
0:31:01]} 39...Kf4 {[%clk 0:06:17]} 40.Nxd6 {[%clk 1:01:13]} 40...g3+ {[%clk
0:34:29]} 41.Ke2 {[%clk 1:00:42]} 41...Bh3 {[%clk 0:24:25]} 42.Bf5 {[%clk
0:40:34]} 1/2-1/2

[Event "Najdorf Memorial"]
[Site "Warsaw POL"]
[Date "2021.07.11"]
[Round "2.15"]
[White "Lewtak, Damian"]
[Black "Marcinczyk, Monika"]
[Result "1-0"]
[WhiteElo "2380"]
[BlackElo "2090"]
[EventDate "2021.07.10"]
[PlyCount "115"]
[LiveChessVersion "1.4.8"]

1.d4 {[%clk 1:30:58]} 1...d5 {[%clk 1:30:55]} 2.c3 {[%clk 1:31:23]} 2...Nf6
{[%clk 1:30:43]} 3.Bf4 {[%clk 1:31:46]} 3...e6 {[%clk 1:28:37]} 4.e3 {[%clk
1:32:11]} 4...Bd6 {[%clk 1:28:55]} 5.Nf3 {[%clk 1:31:57]} 5...c5 {[%clk
1:27:08]} 6.Bb5+ {[%clk 1:31:49]} 6...Nc6 {[%clk 1:26:31]} 7.Qa4 {[%clk
1:31:08]} 7...Bxf4 {[%clk 1:22:10]} 8.exf4 {[%clk 1:31:00]} 8...Qd6 {[%clk
1:21:24]} 9.Ne5 {[%clk 1:27:25]} 9...Bd7 {[%clk 1:20:58]} 10.Qa3 {[%clk
1:26:38]} 10...Nxe5 {[%clk 1:07:07]} 11.fxe5 {[%clk 1:26:34]} 11...Qb6 {[%clk
1:07:16]} 12.Be2 {[%clk 1:24:45]} 12...Ng8 {[%clk 1:05:21]} 13.dxc5 {[%clk
1:25:01]} 13...Qc7 {[%clk 1:05:19]} 14.f4 {[%clk 1:24:56]} 14...Ne7 {[%clk
0:51:26]} 15.Nd2 {[%clk 1:21:13]} 15...g5 {[%clk 0:49:05]} 16.fxg5 {[%clk
1:18:28]} 16...Qxe5 {[%clk 0:48:22]} 17.Nf3 {[%clk 1:18:51]} 17...Qe3 {[%clk
0:43:26]} 18.Qb4 {[%clk 1:18:02]} 18...Nc6 {[%clk 0:40:37]} 19.Qh4 {[%clk
1:05:59]} 19...Qxc5 {[%clk 0:36:22]} 20.O-O-O {[%clk 1:04:12]} 20...Qe3+ {[%clk
0:25:33]} 21.Rd2 {[%clk 1:04:32]} 21...O-O-O {[%clk 0:23:20]} 22.Bb5 {[%clk
1:01:48]} 22...h6 {[%clk 0:17:14]} 23.Bxc6 {[%clk 1:01:41]} 23...Bxc6 {[%clk
0:17:20]} 24.g6 {[%clk 1:01:14]} 24...fxg6 {[%clk 0:15:32]} 25.Re1 {[%clk
1:01:38]} 25...Qc5 {[%clk 0:14:32]} 26.Rxe6 {[%clk 1:01:57]} 26...g5 {[%clk
0:08:17]} 27.Qd4 {[%clk 1:00:54]} 27...Qa5 {[%clk 0:07:35]} 28.Ne5 {[%clk
0:59:47]} 28...Qxa2 {[%clk 0:02:49]} 29.Nxc6 {[%clk 0:58:39]} 29...bxc6 {[%clk
0:03:16]} 30.Rxc6+ {[%clk 0:58:35]} 30...Kb7 {[%clk 0:03:40]} 31.Rc5 {[%clk
0:55:21]} 31...Rhf8 {[%clk 0:03:42]} 32.Rxd5 {[%clk 0:54:35]} 32...Rf1+ {[%clk
0:02:48]} 33.Kc2 {[%clk 0:54:57]} 33...Rxd5 {[%clk 0:02:28]} 34.Qxd5+ {[%clk
0:55:21]} 34...Qxd5 {[%clk 0:02:47]} 35.Rxd5 {[%clk 0:55:46]} 35...Rh1 {[%clk
0:02:13]} 36.h3 {[%clk 0:56:09]} 36...Rg1 {[%clk 0:01:10]} 37.Rd2 {[%clk
0:56:30]} 37...h5 {[%clk 0:01:05]} 38.Kd3 {[%clk 0:56:46]} 38...g4 {[%clk
0:00:44]} 39.hxg4 {[%clk 0:56:55]} 39...hxg4 {[%clk 0:01:13]} 40.Ke3 {[%clk
1:27:09]} 40...Rf1 {[%clk 0:30:48]} 41.Rf2 {[%clk 1:27:31]} 41...Ra1 {[%clk
0:30:15]} 42.Rf4 {[%clk 1:26:41]} 42...a5 {[%clk 0:28:59]} 43.Kd3 {[%clk
1:26:53]} 43...g3 {[%clk 0:27:19]} 44.Rg4 {[%clk 1:27:13]} 44...a4 {[%clk
0:26:39]} 45.Rxg3 {[%clk 1:26:04]} 45...Ra2 {[%clk 0:26:55]} 46.Kc2 {[%clk
1:25:59]} 46...a3 {[%clk 0:27:07]} 47.Kb3 {[%clk 1:26:19]} 47...Rxb2+ {[%clk
0:27:21]} 48.Kxa3 {[%clk 1:26:44]} 48...Rb1 {[%clk 0:27:35]} 49.Ka2 {[%clk
1:26:52]} 49...Rb5 {[%clk 0:27:36]} 50.Rg8 {[%clk 1:25:35]} 50...Kc6 {[%clk
0:27:51]} 51.g4 {[%clk 1:25:53]} 51...Kd6 {[%clk 0:28:11]} 52.g5 {[%clk
1:26:04]} 52...Ke6 {[%clk 0:27:59]} 53.g6 {[%clk 1:26:10]} 53...Kf6 {[%clk
0:27:51]} 54.Ka3 {[%clk 1:26:33]} 54...Rb1 {[%clk 0:27:46]} 55.Ka4 {[%clk
1:26:42]} 55...Ke6 {[%clk 0:27:47]} 56.c4 {[%clk 1:27:06]} 56...Rg1 {[%clk
0:28:09]} 57.Kb5 {[%clk 1:27:14]} 57...Kd6 {[%clk 0:28:17]} 58.g7 {[%clk
1:27:19]} 1-0

[Event "Najdorf Memorial"]
[Site "Warsaw POL"]
[Date "2021.07.11"]
[Round "2.16"]
[White "Kaczmarek, Aleksander"]
[Black "Zysko, Jan"]
[Result "1-0"]
[WhiteElo "2371"]
[BlackElo "2080"]
[EventDate "2021.07.10"]
[PlyCount "87"]
[LiveChessVersion "1.4.8"]

1.e4 {[%clk 1:30:59]} 1...c5 {[%clk 1:29:52]} 2.Nf3 {[%clk 1:31:25]} 2...e6
{[%clk 1:30:09]} 3.d4 {[%clk 1:31:47]} 3...cxd4 {[%clk 1:30:36]} 4.Nxd4 {[%clk
1:32:13]} 4...Nc6 {[%clk 1:30:49]} 5.Nc3 {[%clk 1:32:39]} 5...Qc7 {[%clk
1:31:05]} 6.Nb3 {[%clk 1:32:05]} 6...a6 {[%clk 1:28:21]} 7.Bd3 {[%clk 1:32:15]}
7...b5 {[%clk 1:28:32]} 8.O-O {[%clk 1:32:29]} 8...Bb7 {[%clk 1:26:32]} 9.f4
{[%clk 1:32:42]} 9...d6 {[%clk 1:26:22]} 10.Qf3 {[%clk 1:31:30]} 10...Nf6
{[%clk 1:25:07]} 11.Bd2 {[%clk 1:31:48]} 11...Be7 {[%clk 1:24:19]} 12.a4 {[%clk
1:30:50]} 12...Nb4 {[%clk 1:11:55]} 13.axb5 {[%clk 1:27:00]} 13...Nxd3 {[%clk
1:12:01]} 14.Qxd3 {[%clk 1:27:23]} 14...axb5 {[%clk 1:08:13]} 15.Qxb5+ {[%clk
1:27:15]} 15...Nd7 {[%clk 1:04:30]} 16.Rxa8+ {[%clk 1:22:06]} 16...Bxa8 {[%clk
1:04:58]} 17.Be3 {[%clk 1:17:15]} 17...O-O {[%clk 1:04:01]} 18.Bd4 {[%clk
1:14:18]} 18...Nf6 {[%clk 0:57:40]} 19.e5 {[%clk 1:11:04]} 19...Nd5 {[%clk
0:54:01]} 20.Qe2 {[%clk 1:09:16]} 20...Nxc3 {[%clk 0:48:59]} 21.Bxc3 {[%clk
1:08:53]} 21...Bd5 {[%clk 0:49:21]} 22.Nd2 {[%clk 1:06:30]} 22...Rc8 {[%clk
0:43:25]} 23.Qg4 {[%clk 0:58:30]} 23...g6 {[%clk 0:40:12]} 24.Qh3 {[%clk
0:53:38]} 24...dxe5 {[%clk 0:37:33]} 25.fxe5 {[%clk 0:53:45]} 25...Bg5 {[%clk
0:36:24]} 26.Qd3 {[%clk 0:40:52]} 26...Qc6 {[%clk 0:33:22]} 27.Rf2 {[%clk
0:38:55]} 27...Qc5 {[%clk 0:29:49]} 28.Nf1 {[%clk 0:36:54]} 28...Bh4 {[%clk
0:20:29]} 29.g3 {[%clk 0:33:34]} 29...Bg5 {[%clk 0:18:55]} 30.Bd4 {[%clk
0:33:32]} 30...Qc7 {[%clk 0:17:05]} 31.h4 {[%clk 0:31:52]} 31...Bh6 {[%clk
0:15:00]} 32.g4 {[%clk 0:27:16]} 32...Bb7 {[%clk 0:14:04]} 33.Ng3 {[%clk
0:24:25]} 33...Qc6 {[%clk 0:13:12]} 34.g5 {[%clk 0:24:02]} 34...Bg7 {[%clk
0:13:00]} 35.c3 {[%clk 0:23:55]} 35...Ra8 {[%clk 0:12:43]} 36.Qf1 {[%clk
0:23:36]} 36...Qd5 {[%clk 0:10:53]} 37.Kh2 {[%clk 0:17:03]} 37...Ra2 {[%clk
0:09:31]} 38.Kh3 {[%clk 0:16:37]} 38...h5 {[%clk 0:01:45]} 39.gxh6 {[%clk
0:06:49]} 39...Bxh6 {[%clk 0:02:13]} 40.h5 {[%clk 0:36:21]} 40...f5 {[%clk
0:30:35]} 41.exf6 {[%clk 0:33:09]} 41...e5 {[%clk 0:22:52]} 42.Qb1 {[%clk
0:29:19]} 42...e4 {[%clk 0:22:14]} 43.f7+ {[%clk 0:28:58]} 43...Kf8 {[%clk
0:22:41]} 44.Qxa2 {[%clk 0:29:02]} 1-0